Now hear this! : listening comprehension for high beginners and intermediates

Αποθηκεύτηκε σε:
Λεπτομέρειες βιβλιογραφικής εγγραφής
Κύριος συγγραφέας: Foley, Barbara H.
Μορφή: Βιβλίο
Γλώσσα:English
Δημοσίευση: Rowley : Newbury house, 1984
Θέματα:
Ετικέτες: Προσθήκη ετικέτας
Δεν υπάρχουν, Καταχωρήστε ετικέτα πρώτοι!

MARC

LEADER 00000nam a2200000 i 4500
001 1/61970
008 960402s1984 eng d
020 |a 0883774100 
035 |l 10028990 
040 |a GR-MY-UA  |b gre  |e aacr 
041 0 |a eng 
082 0 |a 428.34 
100 1 |a Foley, Barbara H. 
245 1 0 |a Now hear this! :  |b listening comprehension for high beginners and intermediates /  |c Barbara H. Foley 
260 |a Rowley :   |b Newbury house,   |c 1984 
300 |a 151 p.  |e 4 cassettes 
650 0 0 |a English language  |v Textbooks for foreign speakers. 
650 0 0 |a Listening. 
650 0 0 |a Comprehension. 
852 |a INST  |b CHIOS  |e 19960402  |h 428.34 FOL  |p 005200004946  |q 005200004946  |t BK  |y 0  |z ??? 
852 |a INST  |b CHIOS  |e 19960402  |h 428.34 FOL  |p 005200004947  |q 005200004947  |t BK  |y 0  |z ??? 
852 |a INST  |b CHIOS  |e 19960402  |h 428.34 FOL  |p 005200004946  |q 005200004946  |t BK  |v (Unknown.)???:  |y 0  |z ??? 
852 |a INST  |b CHIOS  |e 19960402  |h 428.34 FOL  |p 005200004947  |q 005200004947  |t BK  |v (Unknown.)???:  |y 0  |z ??? 
852 |a INST  |b CHIOS  |e 19981110  |h 428.34 FOL mc  |p 005200021148  |q 005200021148  |t BK  |y 0  |z κασέτα ήχου.4 
852 |a INST  |b CHIOS  |e 19981110  |h 428.34 FOL mc  |p 005200021149  |q 005200021149  |t BK  |y 0  |z κασέτα ήχου.3 
852 |a INST  |b CHIOS  |e 19981110  |h 428.34 FOL mc  |p 005200021150  |q 005200021150  |t BK  |y 0  |z κασέτα ήχου.2 
852 |a INST  |b CHIOS  |e 19981110  |h 428.34 FOL mc  |p 005200023017  |q 005200023017  |t BK  |y 0  |z κασέτα ήχου.1 
852 |a INST  |b CHIOS  |e 19981110  |h 428.34 FOL mc  |p 005200021148  |q 005200021148  |t BK  |v κασ΄ετα ΄ηχου.4:  |y 0  |z κασέτα ήχου.4 
852 |a INST  |b CHIOS  |e 19981110  |h 428.34 FOL mc  |p 005200021149  |q 005200021149  |t BK  |v κασ΄ετα ΄ηχου.3:  |y 0  |z κασέτα ήχου.3 
852 |a INST  |b CHIOS  |e 19981110  |h 428.34 FOL mc  |p 005200021150  |q 005200021150  |t BK  |v κασ΄ετα ΄ηχου.2:  |y 0  |z κασέτα ήχου.2 
852 |a INST  |b CHIOS  |e 19981110  |h 428.34 FOL mc  |p 005200023017  |q 005200023017  |t BK  |v κασ΄ετα ΄ηχου.1:  |y 0  |z κασέτα ήχου.1 
853 |a INST  |b CHIOS  |h 428.34 FOL 
853 |a INST  |b CHIOS  |h 428.34 FOL mc 
909 |a Χ  |b 002237 
909 |a Χ  |b 002238 
909 |a Χ  |b 005776 
909 |a Χ  |b 005777 
909 |a Χ  |b 005778 
909 |a Χ  |b 005779